| 000 | 00785nam a22002417a 4500 | ||
|---|---|---|---|
| 999 |
_c13980 _d13980 |
||
| 003 | AR-CdUCM | ||
| 008 | 190411b ||||| |||| 00| 0 spa d | ||
| 020 | _a978-607-618-648-0 | ||
| 040 |
_aMUNICIPALIDAD PROVINCIAL DEL CUSCO _cBIBLIOTECA MUNICIPAL DEL CUSCO |
||
| 041 | _heng | ||
| 082 |
_aPI / 808.899 / _bH77 |
||
| 110 |
_aPhidal Publishing, Inc. _932623 |
||
| 245 |
_aHot Wheels : _b¡Ataque de Tiburones / |
||
| 260 |
_aMéxico : _bSilver Dolphin, _c2015. |
||
| 300 |
_bIlustraciones, _c17 cm. |
||
| 440 |
_aMi Pequeña Biblioteca. _932624 |
||
| 650 |
_aCuento infantil _93319 |
||
| 650 |
_aLiteratura infantil _9588 |
||
| 650 |
_aPrimera infancia _924660 |
||
| 700 |
_aTorre Fernadez, Adriana de la (traducción) _932629 |
||
| 942 |
_2ddc _cLIBROS |
||
| 945 |
_anom _d2019-04-17 |
||